Normal view
MARC view
Entry Topical Term
001 - CONTROL NUMBER
- control field: 14052
003 - CONTROL NUMBER IDENTIFIER
- control field: OSt
005 - DATE AND TIME OF LATEST TRANSACTION
- control field: 20191129170745.0
008 - FIXED-LENGTH DATA ELEMENTS
- fixed length control field: 191129|| aca||aabn | a|a d
040 ## - CATALOGING SOURCE
- Original cataloging agency: OSt
- Transcribing agency: OSt
150 ## - HEADING--TOPICAL TERM
- Topical term or geographic name entry element: Language politics
670 ## - SOURCE DATA FOUND
- Source citation: Work cat.: (OSt): Reddy, Gautham 14050, The Andhra Sahitya Parishat: Language, nation and empire in colonial South India (1911-15)
